[Event "DEM U18 2024"]
[Site "Willingen GER"]
[Date "2024.05.21"]
[Round "4"]
[White "Pikalow, Michael"]
[Black "Abou Wally, Adrian"]
[Result "1-0"]
[Termination "normal"]
[Board "13"]
[WhiteElo "2089"]
[BlackElo "1917"]
[WhiteClock "00:19:16"]
[BlackClock "00:03:52"]
[PlyCount "129"]
[WhiteFideId "16227638"]
[BlackFideId "16245113"]
[EventCountry "GER"]
[EventRounds "9"]
[EventType "swiss"]
[EventDate "2024.05.18"]

1. e4 {[%clk 01:30:59]} {[%emt 13:19:32]} e5 {[%clk 01:30:57]} {[%emt
00:00:04]} 2. Nf3 {[%clk 01:31:26]} {[%emt 00:00:02]} Nc6 {[%clk 01:31:24]}
{[%emt 00:00:04]} 3. d4 {[%clk 01:31:15]} {[%emt 00:00:40]} exd4 {[%clk
01:31:45]} {[%emt 00:00:10]} 4. Nxd4 {[%clk 01:31:43]} {[%emt 00:00:02]} Bb4+
{[%clk 01:32:08]} {[%emt 00:00:07]} 5. c3 {[%clk 01:32:08]} {[%emt 00:00:04]}
Bc5 {[%clk 01:32:36]} {[%emt 00:00:02]} 6. Nf5 {[%clk 01:32:35]} {[%emt
00:00:04]} Qf6 {[%clk 01:29:20]} {[%emt 00:03:46]} 7. Be3 {[%clk 01:31:48]}
{[%emt 00:01:16]} Bxe3 {[%clk 01:29:27]} {[%emt 00:00:23]} 8. Nxe3 {[%clk
01:32:16]} {[%emt 00:00:02]} d6 {[%clk 01:28:33]} {[%emt 00:01:25]} 9. Be2
{[%clk 01:27:11]} {[%emt 00:05:35]} Nge7 {[%clk 01:26:12]} {[%emt 00:02:51]}
10. O-O {[%clk 01:26:54]} {[%emt 00:00:47]} O-O {[%clk 01:21:26]} {[%emt
00:05:16]} 11. f4 {[%clk 01:24:30]} {[%emt 00:02:53]} Qh6 {[%clk 01:18:08]}
{[%emt 00:03:48]} 12. g4 {[%clk 01:17:17]} {[%emt 00:07:43]} f6 {[%clk
01:07:46]} {[%emt 00:10:52]} 13. Bc4+ {[%clk 01:08:22]} {[%emt 00:09:26]} Kh8
{[%clk 01:08:05]} {[%emt 00:00:11]} 14. Qf3 {[%clk 01:08:44]} {[%emt 00:00:07]}
Bd7 {[%clk 01:00:28]} {[%emt 00:08:07]} 15. Na3 {[%clk 01:02:08]} {[%emt
00:07:06]} a6 {[%clk 00:58:51]} {[%emt 00:02:08]} 16. Rad1 {[%clk 00:36:27]}
{[%emt 00:26:10]} g5 {[%clk 00:49:51]} {[%emt 00:09:30]} 17. f5 {[%clk
00:31:03]} {[%emt 00:05:54]} Ne5 {[%clk 00:49:42]} {[%emt 00:00:39]} 18. Qg2
{[%clk 00:30:51]} {[%emt 00:00:43]} Bc6 {[%clk 00:44:44]} {[%emt 00:05:28]} 19.
Bd5 {[%clk 00:28:59]} {[%emt 00:02:21]} Bxd5 {[%clk 00:40:45]} {[%emt
00:04:30]} 20. exd5 {[%emt 00:10:11]} Qh4 {[%emt 00:04:30]} 21. Nac2 {[%emt
00:04:18]} Nc8 {[%emt 00:02:56]} 22. Nd4 {[%clk 00:25:16]} {[%emt 00:00:10]}
Nb6 {[%emt 00:00:25]} 23. Ne6 {[%clk 00:25:21]} {[%emt 00:00:09]} Rf7 {[%clk
00:25:28]} {[%emt 00:00:15]} 24. Rd4 {[%clk 00:25:02]} {[%emt 00:00:49]} Rd7
{[%clk 00:17:28]} {[%emt 00:08:30]} 25. Rfd1 {[%clk 00:22:25]} {[%emt
00:03:07]} Re8 {[%clk 00:11:43]} {[%emt 00:06:15]} 26. c4 {[%clk 00:21:31]}
{[%emt 00:01:24]} Nc8 {[%clk 00:05:10]} {[%emt 00:07:04]} 27. b4 {[%clk
00:18:57]} {[%emt 00:03:03]} b6 {[%clk 00:02:25]} {[%emt 00:03:15]} 28. h3
{[%clk 00:11:06]} {[%emt 00:08:22]} Kg8 {[%clk 00:02:03]} {[%emt 00:00:51]} 29.
c5 {[%clk 00:10:26]} {[%emt 00:01:10]} b5 {[%clk 00:01:46]} {[%emt 00:00:47]}
30. Kh2 {[%clk 00:07:54]} {[%emt 00:03:01]} Kf7 {[%clk 00:01:39]} {[%emt
00:00:38]} 31. Qg3 {[%clk 00:07:02]} {[%emt 00:01:22]} Qxg3+ {[%clk 00:01:10]}
{[%emt 00:01:00]} 32. Kxg3 {[%clk 00:07:30]} {[%emt 00:00:01]} h5 {[%clk
00:01:18]} {[%emt 00:00:22]} 33. gxh5 {[%clk 00:03:53]} {[%emt 00:04:07]} Rh8
{[%clk 00:01:14]} {[%emt 00:00:35]} 34. Rc1 {[%clk 00:04:13]} {[%emt 00:00:09]}
c6 {[%clk 00:01:05]} {[%emt 00:00:39]} 35. cxd6 {[%clk 00:01:58]} {[%emt
00:02:45]} cxd5 {[%clk 00:00:45]} {[%emt 00:00:50]} 36. Rxd5 {[%clk 00:01:41]}
{[%emt 00:00:48]} Nxd6 {[%clk 00:00:51]} {[%emt 00:00:24]} 37. Rcd1 {[%clk
00:01:12]} {[%emt 00:00:59]} Nxf5+ {[%clk 00:00:50]} {[%emt 00:00:31]} 38. Nxf5
{[%clk 00:01:22]} {[%emt 00:00:20]} Kxe6 {[%clk 00:01:03]} {[%emt 00:00:17]}
39. Rxd7 {[%clk 00:00:47]} {[%emt 00:01:05]} Nxd7 {[%clk 00:01:31]} {[%emt
00:00:02]} 40. Nd4+ {[%clk 00:00:47]} {[%emt 00:00:29]} Kf7 {[%clk 00:00:56]}
{[%emt 00:01:05]} 41. Nxb5 {[%clk 00:29:42]} {[%emt 00:01:35]} axb5 {[%clk
00:26:08]} {[%emt 00:05:18]} 42. Rxd7+ {[%clk 00:30:00]} {[%emt 00:00:13]} Ke6
{[%clk 00:26:32]} {[%emt 00:00:05]} 43. Rb7 {[%clk 00:30:28]} {[%emt 00:00:02]}
Ra8 {[%clk 00:24:10]} {[%emt 00:02:52]} 44. h6 {[%clk 00:27:54]} {[%emt
00:03:04]} f5 {[%clk 00:18:56]} {[%emt 00:05:44]} 45. h7 {[%clk 00:24:19]}
{[%emt 00:04:04]} Ra3+ {[%clk 00:19:21]} {[%emt 00:00:06]} 46. Kg2 {[%clk
00:24:36]} {[%emt 00:00:14]} Rxa2+ {[%clk 00:19:46]} {[%emt 00:00:05]} 47. Kf1
{[%clk 00:25:03]} {[%emt 00:00:02]} Ra8 {[%clk 00:19:47]} {[%emt 00:00:29]} 48.
Rxb5 {[%clk 00:25:29]} {[%emt 00:00:04]} Rh8 {[%clk 00:19:44]} {[%emt
00:00:33]} 49. Rb7 {[%clk 00:25:57]} {[%emt 00:00:02]} Kd6 {[%clk 00:18:32]}
{[%emt 00:01:39]} 50. b5 {[%clk 00:26:23]} {[%emt 00:00:06]} Kc5 {[%clk
00:17:50]} {[%emt 00:01:13]} 51. Kf2 {[%clk 00:26:15]} {[%emt 00:00:38]} Ra8
{[%clk 00:07:25]} {[%emt 00:10:55]} 52. Rf7 {[%clk 00:14:22]} {[%emt 00:12:23]}
Kxb5 {[%clk 00:06:24]} {[%emt 00:01:31]} 53. Rxf5+ {[%clk 00:14:47]} {[%emt
00:00:05]} Kc6 {[%clk 00:06:49]} {[%emt 00:00:05]} 54. Rxg5 {[%clk 00:15:15]}
{[%emt 00:00:02]} Rh8 {[%clk 00:07:10]} {[%emt 00:00:08]} 55. Rg7 {[%clk
00:15:44]} {[%emt 00:00:02]} Kd6 {[%clk 00:07:18]} {[%emt 00:00:22]} 56. Kg3
{[%clk 00:16:06]} {[%emt 00:00:07]} Ke6 {[%clk 00:07:41]} {[%emt 00:00:08]} 57.
Kg4 {[%clk 00:16:35]} Kf6 {[%clk 00:07:35]} {[%emt 00:00:36]} 58. Ra7 {[%clk
00:17:01]} {[%emt 00:00:04]} Kg6 {[%clk 00:06:50]} {[%emt 00:01:14]} 59. h4
{[%clk 00:17:27]} {[%emt 00:00:04]} Rxh7 {[%clk 00:05:42]} {[%emt 00:01:38]}
60. h5+ {[%clk 00:17:48]} {[%emt 00:00:09]} Kh6 {[%clk 00:06:06]} {[%emt
00:00:07]} 61. Ra6+ {[%clk 00:18:14]} {[%emt 00:00:04]} Kg7 {[%clk 00:06:21]}
{[%emt 00:00:14]} 62. Kg5 {[%clk 00:18:43]} {[%emt 00:00:02]} Kg8 {[%clk
00:04:46]} {[%emt 00:02:05]} 63. Ra8+ {[%clk 00:18:53]} {[%emt 00:00:20]} Kg7
{[%clk 00:03:26]} {[%emt 00:01:50]} 64. h6+ {[%clk 00:19:02]} {[%emt 00:00:21]}
Kf7 {[%clk 00:03:52]} {[%emt 00:00:05]} 65. Rb8 {[%clk 00:19:16]} {[%emt
00:00:15]} 1-0

[Event "DEM U18 2024"]
[Site "Willingen GER"]
[Date "2024.05.21"]
[Round "4"]
[White "Storm, Max"]
[Black "Fuhrmann, Bahne"]
[Result "1/2-1/2"]
[Termination "normal"]
[Board "14"]
[WhiteElo "1903"]
[BlackElo "2159"]
[WhiteClock "00:16:34"]
[BlackClock "00:08:54"]
[PlyCount "62"]
[WhiteFideId "34625658"]
[BlackFideId "16244842"]
[EventCountry "GER"]
[EventRounds "9"]
[EventType "swiss"]
[EventDate "2024.05.18"]

1. e4 {[%clk 01:30:58]} {[%emt 00:00:02]} e5 {[%clk 01:30:52]} {[%emt
00:00:08]} 2. Nf3 {[%clk 01:31:23]} {[%emt 00:00:05]} Nc6 {[%clk 01:31:18]}
{[%emt 00:00:05]} 3. Bc4 {[%clk 01:31:48]} {[%emt 00:00:04]} Nf6 {[%clk
01:31:44]} {[%emt 00:00:05]} 4. d3 {[%clk 01:32:11]} {[%emt 00:00:06]} Bc5
{[%clk 01:32:09]} {[%emt 00:00:06]} 5. c3 {[%clk 01:32:32]} {[%emt 00:00:09]}
d6 {[%clk 01:32:29]} {[%emt 00:00:09]} 6. O-O {[%clk 01:28:02]} {[%emt
00:05:00]} h6 {[%clk 01:32:48]} {[%emt 00:00:11]} 7. a4 {[%clk 01:26:50]}
{[%emt 00:01:42]} a5 {[%clk 01:32:59]} {[%emt 00:00:19]} 8. Re1 {[%clk
01:23:42]} {[%emt 00:03:37]} O-O {[%clk 01:32:40]} {[%emt 00:00:49]} 9. h3
{[%clk 01:16:58]} {[%emt 00:07:15]} Be6 {[%clk 01:29:24]} {[%emt 00:03:47]} 10.
Nbd2 {[%clk 01:12:24]} {[%emt 00:05:04]} Bxc4 {[%clk 01:29:27]} {[%emt
00:00:26]} 11. Nxc4 {[%clk 01:12:39]} {[%emt 00:00:14]} Re8 {[%clk 01:29:52]}
{[%emt 00:00:05]} 12. Be3 {[%clk 01:10:05]} {[%emt 00:03:05]} Bxe3 {[%clk
01:26:25]} {[%emt 00:03:57]} 13. Nxe3 {[%clk 01:09:22]} {[%emt 00:01:12]} d5
{[%clk 01:22:56]} {[%emt 00:04:01]} 14. Qb3 {[%clk 01:01:36]} {[%emt 00:08:15]}
d4 {[%clk 01:13:23]} {[%emt 00:10:03]} 15. Nd5 {[%clk 00:55:03]} {[%emt
00:07:03]} b6 {[%clk 00:51:07]} {[%emt 00:22:46]} 16. Qc4 {[%clk 00:50:02]}
{[%emt 00:05:30]} Qd6 {[%clk 00:40:10]} {[%emt 00:11:28]} 17. cxd4 {[%clk
00:40:54]} {[%emt 00:09:39]} Nxd5 {[%clk 00:34:16]} {[%emt 00:06:23]} 18. exd5
{[%clk 00:40:14]} {[%emt 00:01:10]} Nxd4 {[%clk 00:33:34]} {[%emt 00:01:12]}
19. Nxd4 {[%clk 00:39:37]} {[%emt 00:01:07]} exd4 {[%clk 00:33:48]} {[%emt
00:00:17]} 20. Re4 {[%clk 00:37:18]} {[%emt 00:02:47]} Re5 {[%clk 00:26:18]}
{[%emt 00:08:00]} 21. Rc1 {[%clk 00:31:07]} {[%emt 00:06:42]} Rc8 {[%clk
00:23:24]} {[%emt 00:03:24]} 22. Rxd4 {[%clk 00:28:04]} {[%emt 00:03:33]} Rd8
{[%clk 00:23:16]} {[%emt 00:00:37]} 23. Kf1 {[%clk 00:22:41]} {[%emt 00:05:53]}
Rd7 {[%clk 00:15:38]} {[%emt 00:08:09]} 24. Qc6 {[%emt 00:04:51]} Rxd5 {[%clk
00:13:45]} 25. Qxd6 {[%clk 00:18:25]} {[%emt 00:02:47]} R5xd6 {[%clk 00:12:31]}
{[%emt 00:01:43]} 26. Rxd6 {[%clk 00:18:45]} {[%emt 00:00:11]} Rxd6 {[%clk
00:12:54]} {[%emt 00:00:07]} 27. Rxc7 {[%clk 00:18:39]} {[%emt 00:00:36]} Rxd3
{[%clk 00:13:15]} {[%emt 00:00:08]} 28. Rc8+ {[%clk 00:18:49]} {[%emt
00:00:20]} Kh7 {[%clk 00:12:53]} {[%emt 00:00:53]} 29. Rc3 {[%clk 00:18:46]}
{[%emt 00:00:31]} Rxc3 {[%clk 00:09:48]} {[%emt 00:03:37]} 30. bxc3 {[%clk
00:17:05]} {[%emt 00:02:10]} b5 {[%clk 00:08:30]} {[%emt 00:01:49]} 31. axb5
{[%clk 00:16:34]} {[%emt 00:01:01]} a4 {[%clk 00:08:54]} {[%emt 00:00:06]}
1/2-1/2

[Event "DEM U18 2024"]
[Site "Willingen GER"]
[Date "2024.05.21"]
[Round "4"]
[White "Morczynski, Joachim"]
[Black "Foksha, Mischa"]
[Result "1-0"]
[Termination "normal"]
[Board "15"]
[WhiteElo "1980"]
[BlackElo "2022"]
[WhiteClock "00:59:31"]
[BlackClock "00:20:19"]
[PlyCount "51"]
[WhiteFideId "16209745"]
[BlackFideId "16253400"]
[EventCountry "GER"]
[EventRounds "9"]
[EventType "swiss"]
[EventDate "2024.05.18"]

1. e4 {[%clk 01:30:57]} {[%emt 00:00:02]} c5 {[%clk 01:30:55]} {[%emt
00:00:06]} 2. Nf3 {[%clk 01:31:21]} {[%emt 00:00:06]} d6 {[%clk 01:31:20]}
{[%emt 00:00:05]} 3. d4 {[%clk 01:31:47]} {[%emt 00:00:04]} cxd4 {[%clk
01:31:46]} {[%emt 00:00:04]} 4. Qxd4 {[%clk 01:32:13]} {[%emt 00:00:04]} Nf6
{[%clk 01:32:10]} {[%emt 00:00:06]} 5. Nc3 {[%clk 01:32:21]} {[%emt 00:00:22]}
Nc6 {[%clk 01:32:19]} {[%emt 00:00:21]} 6. Bb5 {[%clk 01:32:43]} {[%emt
00:00:07]} Bd7 {[%clk 01:31:58]} {[%emt 00:00:51]} 7. Bxc6 {[%clk 01:33:07]}
{[%emt 00:00:07]} Bxc6 {[%clk 01:32:22]} {[%emt 00:00:06]} 8. Bg5 {[%clk
01:33:33]} {[%emt 00:00:04]} e6 {[%clk 01:32:15]} {[%emt 00:00:38]} 9. O-O-O
{[%clk 01:33:46]} {[%emt 00:00:16]} Be7 {[%clk 01:32:37]} {[%emt 00:00:08]} 10.
Qd3 {[%clk 01:33:59]} {[%emt 00:00:17]} Qa5 {[%clk 01:22:21]} {[%emt 00:10:46]}
11. h4 {[%clk 01:34:01]} {[%emt 00:00:28]} Rc8 {[%clk 01:17:24]} {[%emt
00:05:26]} 12. Nd4 {[%clk 01:33:31]} {[%emt 00:01:00]} O-O {[%clk 01:11:33]}
{[%emt 00:06:22]} 13. f4 {[%clk 01:33:35]} {[%emt 00:00:25]} h6 {[%clk
01:01:25]} {[%emt 00:10:39]} 14. Kb1 {[%clk 01:31:05]} {[%emt 00:03:00]} Rfd8
{[%clk 00:50:46]} {[%emt 00:11:09]} 15. f5 {[%clk 01:29:36]} {[%emt 00:01:59]}
e5 {[%clk 00:50:06]} {[%emt 00:01:10]} 16. Bxf6 {[%clk 01:29:35]} {[%emt
00:00:31]} Bxf6 {[%clk 00:50:09]} {[%emt 00:00:27]} 17. Nb3 {[%clk 01:29:57]}
{[%emt 00:00:08]} Qc7 {[%clk 00:43:09]} {[%emt 00:07:30]} 18. g4 {[%clk
01:30:14]} {[%emt 00:00:13]} b5 {[%clk 00:38:02]} {[%emt 00:05:38]} 19. Rdg1
{[%clk 01:26:25]} {[%emt 00:04:17]} b4 {[%clk 00:24:17]} {[%emt 00:14:16]} 20.
g5 {[%clk 01:25:16]} {[%emt 00:01:39]} Be7 {[%clk 00:24:41]} {[%emt 00:00:06]}
21. Nd5 {[%clk 01:23:09]} {[%emt 00:02:37]} Bxd5 {[%clk 00:25:05]} {[%emt
00:00:06]} 22. exd5 {[%clk 01:21:11]} {[%emt 00:02:29]} Qc4 {[%clk 00:24:10]}
{[%emt 00:01:24]} 23. gxh6 {[%clk 01:14:30]} {[%emt 00:07:11]} Bf6 {[%clk
00:24:36]} {[%emt 00:00:05]} 24. Qd2 {[%clk 01:10:59]} {[%emt 00:04:00]} Kh7
{[%clk 00:22:20]} {[%emt 00:02:46]} 25. hxg7 {[%clk 01:06:09]} {[%emt
00:05:20]} Qe4 {[%clk 00:20:19]} {[%emt 00:02:30]} 26. Qd1 {[%clk 00:59:31]}
{[%emt 00:07:09]} 1-0

[Event "DEM U18 2024"]
[Site "Willingen GER"]
[Date "2024.05.22"]
[Round "6"]
[White "Petrovskiy, Vadim"]
[Black "Haack, Kevin"]
[Result "1-0"]
[Termination "normal"]
[Board "1"]
[WhiteTitle "IM"]
[BlackTitle "FM"]
[WhiteElo "2424"]
[BlackElo "2286"]
[WhiteClock "01:38:58"]
[BlackClock "00:29:26"]
[PlyCount "83"]
[WhiteFideId "14165210"]
[BlackFideId "16228715"]
[EventCountry "GER"]
[EventRounds "9"]
[EventType "swiss"]
[EventDate "2024.05.18"]

1. e4 {[%clk 01:30:36]} {[%emt 00:00:16]} c6 {[%clk 01:30:58]} {[%emt
00:00:10]} 2. d4 {[%clk 01:30:47]} {[%emt 00:00:19]} d5 {[%clk 01:31:20]}
{[%emt 00:00:06]} 3. exd5 {[%clk 01:30:56]} {[%emt 00:00:22]} cxd5 {[%clk
01:31:44]} {[%emt 00:00:06]} 4. c4 {[%clk 01:31:16]} {[%emt 00:00:11]} Nf6
{[%clk 01:31:59]} {[%emt 00:00:14]} 5. Nc3 {[%clk 01:31:39]} {[%emt 00:00:07]}
Nc6 {[%clk 01:31:54]} {[%emt 00:00:34]} 6. Nf3 {[%clk 01:31:19]} {[%emt
00:00:51]} Bg4 {[%clk 01:26:19]} {[%emt 00:06:04]} 7. cxd5 {[%clk 01:31:23]}
{[%emt 00:00:27]} Nxd5 {[%clk 01:26:44]} {[%emt 00:00:04]} 8. Qb3 {[%clk
01:31:43]} {[%emt 00:00:11]} Bxf3 {[%clk 01:27:05]} {[%emt 00:00:09]} 9. gxf3
{[%clk 01:32:07]} {[%emt 00:00:07]} e6 {[%clk 01:27:26]} {[%emt 00:00:09]} 10.
Qxb7 {[%clk 01:32:28]} {[%emt 00:00:08]} Nxd4 {[%clk 01:27:51]} {[%emt
00:00:05]} 11. Bb5+ {[%clk 01:32:50]} {[%emt 00:00:08]} Nxb5 {[%clk 01:28:18]}
{[%emt 00:00:04]} 12. Qc6+ {[%clk 01:33:15]} {[%emt 00:00:05]} Ke7 {[%clk
01:28:44]} {[%emt 00:00:03]} 13. Qc5+ {[%clk 01:33:37]} {[%emt 00:00:08]} Nd6
{[%clk 01:29:10]} {[%emt 00:00:05]} 14. Nxd5+ {[%clk 01:34:00]} {[%emt
00:00:07]} exd5 {[%clk 01:29:36]} {[%emt 00:00:04]} 15. O-O {[%clk 01:34:21]}
{[%emt 00:00:08]} Qc8 {[%clk 01:28:44]} {[%emt 00:01:22]} 16. Qxd5 {[%clk
01:34:43]} {[%emt 00:00:08]} Qb7 {[%clk 01:29:09]} {[%emt 00:00:06]} 17. Qh5
{[%clk 01:35:10]} {[%emt 00:00:03]} Ke8 {[%clk 00:49:39]} {[%emt 00:40:00]} 18.
Re1+ {[%clk 01:35:19]} {[%emt 00:00:21]} Be7 {[%clk 00:49:54]} {[%emt
00:00:14]} 19. Bg5 {[%clk 01:35:43]} {[%emt 00:00:06]} Nf5 {[%clk 00:49:24]}
{[%emt 00:01:01]} 20. Qg4 {[%clk 01:36:08]} {[%emt 00:00:05]} f6 {[%clk
00:32:09]} {[%emt 00:17:45]} 21. Qxf5 {[%clk 01:36:33]} {[%emt 00:00:05]} fxg5
{[%clk 00:32:34]} {[%emt 00:00:05]} 22. Rac1 {[%clk 01:36:59]} {[%emt
00:00:03]} Rd8 {[%clk 00:28:59]} {[%emt 00:04:05]} 23. Qe5 {[%clk 01:37:15]}
{[%emt 00:00:15]} Rd7 {[%clk 00:23:40]} {[%emt 00:05:49]} 24. Qxg7 {[%clk
01:37:39]} {[%emt 00:00:05]} Rf8 {[%clk 00:24:04]} {[%emt 00:00:06]} 25. Rc3
{[%clk 01:38:07]} {[%emt 00:00:02]} Rxf3 {[%clk 00:15:55]} {[%emt 00:08:40]}
26. Rb3 {[%clk 01:38:36]} {[%emt 00:00:01]} Rf7 {[%clk 00:13:42]} {[%emt
00:02:43]} 27. Qh8+ {[%clk 01:38:38]} {[%emt 00:00:27]} Rf8 {[%clk 00:14:04]}
{[%emt 00:00:09]} 28. Rxe7+ {[%clk 01:39:00]} {[%emt 00:00:07]} Rxe7 {[%clk
00:10:09]} {[%emt 00:04:26]} 29. Rxb7 {[%clk 01:39:26]} {[%emt 00:00:05]} Rxb7
{[%clk 00:10:11]} {[%emt 00:00:28]} 30. Qe5+ {[%clk 01:39:35]} {[%emt
00:00:19]} Re7 {[%clk 00:10:25]} {[%emt 00:00:16]} 31. Qxg5 {[%clk 01:39:09]}
{[%emt 00:00:56]} Rff7 {[%clk 00:09:19]} {[%emt 00:01:35]} 32. Kf1 {[%clk
01:31:51]} {[%emt 00:07:48]} Kf8 {[%clk 00:09:43]} {[%emt 00:00:07]} 33. b4
{[%clk 01:23:58]} {[%emt 00:08:23]} Rf3 {[%clk 00:07:25]} {[%emt 00:02:48]} 34.
a4 {[%clk 01:21:08]} {[%emt 00:03:20]} Rff7 {[%clk 00:04:12]} {[%emt 00:03:42]}
35. Qc5 {[%clk 01:18:17]} {[%emt 00:03:22]} Kg7 {[%clk 00:04:05]} {[%emt
00:00:38]} 36. Qd4+ {[%clk 01:18:25]} {[%emt 00:00:21]} Rf6 {[%clk 00:04:11]}
{[%emt 00:00:25]} 37. Kg2 {[%clk 01:18:03]} {[%emt 00:00:51]} a6 {[%clk
00:02:39]} {[%emt 00:02:03]} 38. f4 {[%clk 01:17:38]} {[%emt 00:00:54]} Kg6
{[%clk 00:02:20]} {[%emt 00:00:49]} 39. Qd3+ {[%clk 01:16:23]} {[%emt
00:01:45]} Kh6 {[%clk 00:01:58]} {[%emt 00:00:52]} 40. Kf3 {[%clk 01:11:42]}
{[%emt 00:05:12]} Ref7 {[%clk 00:01:22]} {[%emt 00:01:06]} 41. Qe4 {[%clk
01:11:13]} {[%emt 00:00:58]} Rc7 {[%clk 00:29:26]} {[%emt 00:02:26]} 42. Qe5
{[%clk 01:38:58]} {[%emt 00:02:45]} 1-0

[Event "DEM U18 2024"]
[Site "Willingen GER"]
[Date "2024.05.22"]
[Round "6"]
[White "Bilovil, Bogdan"]
[Black "Weidenhöfer, Max"]
[Result "1-0"]
[Termination "normal"]
[Board "2"]
[WhiteTitle "FM"]
[WhiteElo "2429"]
[BlackElo "2108"]
[WhiteClock "00:17:37"]
[BlackClock "00:04:51"]
[PlyCount "83"]
[WhiteFideId "14168766"]
[BlackFideId "16230566"]
[EventCountry "GER"]
[EventRounds "9"]
[EventType "swiss"]
[EventDate "2024.05.18"]

1. e4 {[%clk 01:30:35]} {[%emt 00:00:24]} c6 {[%clk 01:30:26]} {[%emt
00:00:34]} 2. d4 {[%clk 01:30:57]} {[%emt 00:00:08]} d5 {[%clk 01:30:50]}
{[%emt 00:00:05]} 3. exd5 {[%clk 01:31:16]} {[%emt 00:00:12]} cxd5 {[%clk
01:31:13]} {[%emt 00:00:07]} 4. c4 {[%clk 01:31:40]} {[%emt 00:00:06]} Nf6
{[%clk 01:31:37]} {[%emt 00:00:06]} 5. Nc3 {[%clk 01:31:35]} {[%emt 00:00:36]}
e6 {[%clk 01:31:45]} {[%emt 00:00:22]} 6. Nf3 {[%clk 01:31:59]} {[%emt
00:00:05]} Be7 {[%clk 01:32:08]} {[%emt 00:00:07]} 7. c5 {[%clk 01:27:54]}
{[%emt 00:04:36]} O-O {[%clk 01:32:23]} {[%emt 00:00:14]} 8. Bf4 {[%clk
01:23:17]} {[%emt 00:05:07]} b6 {[%clk 01:26:43]} {[%emt 00:06:11]} 9. b4
{[%clk 01:23:30]} {[%emt 00:00:16]} a5 {[%clk 01:26:50]} {[%emt 00:00:22]} 10.
a3 {[%clk 01:22:50]} {[%emt 00:01:10]} Bb7 {[%clk 01:22:24]} {[%emt 00:04:57]}
11. Bb5 {[%clk 01:12:35]} {[%emt 00:10:44]} axb4 {[%clk 01:14:21]} {[%emt
00:08:34]} 12. axb4 {[%clk 01:13:00]} {[%emt 00:00:06]} Rxa1 {[%clk 01:14:38]}
{[%emt 00:00:13]} 13. Qxa1 {[%clk 01:13:28]} {[%emt 00:00:01]} bxc5 {[%clk
01:14:47]} {[%emt 00:00:21]} 14. bxc5 {[%clk 01:13:37]} {[%emt 00:00:21]} Ne4
{[%clk 01:05:02]} {[%emt 00:10:14]} 15. O-O {[%clk 01:09:50]} {[%emt 00:04:18]}
f6 {[%clk 01:00:47]} {[%emt 00:04:45]} 16. Rb1 {[%clk 00:53:41]} {[%emt
00:16:39]} Nc6 {[%clk 00:51:38]} {[%emt 00:09:39]} 17. Bd3 {[%clk 00:48:51]}
{[%emt 00:05:19]} Nxc3 {[%clk 00:47:17]} {[%emt 00:04:52]} 18. Qxc3 {[%clk
00:41:53]} {[%emt 00:07:28]} Qd7 {[%clk 00:37:46]} {[%emt 00:10:01]} 19. Qc2
{[%clk 00:40:08]} {[%emt 00:02:15]} f5 {[%clk 00:36:07]} {[%emt 00:02:10]} 20.
Bb5 {[%clk 00:39:24]} {[%emt 00:01:13]} Bf6 {[%clk 00:32:32]} {[%emt 00:04:05]}
21. Be5 {[%clk 00:36:44]} {[%emt 00:03:10]} Qc8 {[%clk 00:30:15]} {[%emt
00:02:47]} 22. Bxc6 {[%clk 00:33:16]} {[%emt 00:03:59]} Bxc6 {[%clk 00:30:08]}
{[%emt 00:00:37]} 23. Qe2 {[%clk 00:33:31]} {[%emt 00:00:14]} Qd7 {[%clk
00:29:11]} {[%emt 00:01:27]} 24. Qe3 {[%clk 00:29:23]} {[%emt 00:04:37]} Ra8
{[%clk 00:28:20]} {[%emt 00:01:22]} 25. h3 {[%clk 00:28:45]} {[%emt 00:01:08]}
Ba4 {[%clk 00:22:13]} {[%emt 00:06:36]} 26. Rb6 {[%clk 00:27:07]} {[%emt
00:02:08]} Re8 {[%clk 00:20:36]} {[%emt 00:02:07]} 27. Qf4 {[%clk 00:24:43]}
{[%emt 00:02:53]} Rc8 {[%clk 00:18:53]} {[%emt 00:02:14]} 28. Qg3 {[%clk
00:23:42]} {[%emt 00:01:31]} Kh8 {[%clk 00:18:47]} {[%emt 00:00:36]} 29. h4
{[%clk 00:22:33]} {[%emt 00:01:39]} Rc6 {[%clk 00:15:41]} {[%emt 00:03:36]} 30.
Rb4 {[%clk 00:22:09]} {[%emt 00:00:52]} Bd1 {[%clk 00:15:42]} {[%emt 00:00:31]}
31. Rb8+ {[%clk 00:18:55]} {[%emt 00:03:44]} Rc8 {[%clk 00:16:06]} {[%emt
00:00:05]} 32. Bxf6 {[%clk 00:19:11]} {[%emt 00:00:15]} gxf6 {[%clk 00:16:34]}
{[%emt 00:00:02]} 33. Qd6 {[%clk 00:19:26]} {[%emt 00:00:15]} Qe8 {[%clk
00:13:03]} {[%emt 00:04:01]} 34. Rxc8 Qxc8 {[%clk 00:13:32]} 35. Qe7 {[%clk
00:19:38]} {[%emt 00:00:27]} Bxf3 {[%clk 00:11:26]} {[%emt 00:02:36]} 36. Qxf6+
{[%clk 00:20:02]} {[%emt 00:00:06]} Kg8 {[%clk 00:11:51]} {[%emt 00:00:05]} 37.
gxf3 {[%clk 00:20:27]} {[%emt 00:00:05]} Qe8 {[%clk 00:11:16]} {[%emt
00:01:05]} 38. Qg5+ {[%clk 00:17:44]} {[%emt 00:03:13]} Kf8 {[%clk 00:10:07]}
{[%emt 00:01:39]} 39. h5 {[%clk 00:18:07]} {[%emt 00:00:07]} Qf7 {[%clk
00:07:10]} {[%emt 00:03:27]} 40. h6 {[%clk 00:18:27]} {[%emt 00:00:11]} Ke8
{[%clk 00:07:28]} {[%emt 00:00:11]} 41. c6 {[%clk 00:17:24]} {[%emt 00:01:34]}
f4 {[%clk 00:04:51]} {[%emt 00:03:06]} 42. c7 {[%clk 00:17:37]} {[%emt
00:00:17]} 1-0